000 00533pam a2200193 a 4500
020 _a1842142763
_c12740.00
041 _aeng
_hNULL
082 _a618.2
_bSUT/JON
100 _aSUTTEN, P .
245 _aMODERN MANAGEMENT OF ENDOMETRIOSIS /
_cNULL.
_hTextual Documents
250 _a /
_b.
260 _aNULL :
_bTAYLOR & FRANCIS (CRC) PRESS ,
_c2006.
300 _a430 :
_bXII ;
_cNULL .
365 _a12740.00
700 _aJONES, K .
_aADAMSON, G .
930 _a1717
999 _c796253
_d796253
650 _aOBST.GYNE